Top 5 Songs On Warlord (Yung Lean) - Statistics

General Stats
  • This quiz has been taken 27 times
  • The average score is 3 of 5
Answer Stats
Hint Answer % Correct
15,625,493 Afghanistan
82%
13,498,789 Highway Patrol
82%
12,405,198 Miami Ultras
77%
11,978,106 Hoover
59%
7,342,547 Af1s
45%
No matching quizzes found
Score Distribution
Percent of People with Each Score
Percentile by Number Answered
Your Score History
You have not taken this quiz